[Event "BI-2014-P-0032"]
[Site "LSS email"]
[Date "2014.04.19"]
[Round "?"]
[White "Basson, Heinrich"]
[Black "Lubomirski, Jaroslaw"]
[Result "0-1"]
[WhiteElo "1251"]
[BlackElo "1341"]
[PlyCount "32"]
[EventDate "2014.04.25"]
[EventType "tourn (corr)"]
[EventRounds "10"]
[EventCountry "GER"]
[SourceTitle "Corr 2015"]
[Source "ChessBase"]
[SourceDate "2015.07.17"]
[SourceVersion "1"]
[SourceVersionDate "2015.07.17"]
[SourceQuality "1"]

1. d4 Nf6 2. c4 e6 3. Nf3 b6 4. g3 Ba6 5. Qc2 c5 6. e3 cxd4 7. exd4 Nc6 8. Be3 Rc8 9. Nbd2 Be7 10. a3 0-0 11. b4 d5 12. c5 Bxf1 13. Kxf1 bxc5 14. bxc5 Ng4 15. Bf4 Nxd4 16. Nxd4 Bxc5 0-1

[Event "BI-2014-P-0032"]
[Site "LSS email"]
[Date "2014.04.19"]
[Round "?"]
[White "Lubomirski, Jaroslaw"]
[Black "Zavrazhnov, Andrey Anatolievich"]
[Result "0-1"]
[WhiteElo "1341"]
[BlackElo "2175"]
[PlyCount "62"]
[EventDate "2014.04.25"]
[EventType "tourn (corr)"]
[EventRounds "10"]
[EventCountry "GER"]
[SourceTitle "Corr 2015"]
[Source "ChessBase"]
[SourceDate "2015.07.17"]
[SourceVersion "1"]
[SourceVersionDate "2015.07.17"]
[SourceQuality "1"]

1. d4 Nf6 2. c4 g6 3. Nf3 Bg7 4. Nc3 0-0 5. e4 d6 6. Be2 e5 7. Be3 Ng4 8. Bg5 f6 9. Bh4 g5 10. Bg3 Nh6 11. dxe5 dxe5 12. Qc2 g4 13. Rd1 Bd7 14. Nh4 Nc6 15. f4 Nd4 16. Qd2 Qe8 17. Nd5 Rc8 18. 0-0 c6 19. Ne3 Rd8 20. Bd3 Qe7 21. Qe1 Be6 22. Nhf5 Bxf5 23. Nxf5 Ndxf5 24. exf5 Nf7 25. c5 Qxc5+ 26. Bf2 Qd5 27. Bxa7 Qxa2 28. Bb6 Rxd3 29. Rxd3 Qxb2 30. Be3 Re8 31. Qd1 exf4 0-1

[Event "OP-2014-0-03247"]
[Site "LSS email"]
[Date "2014.01.20"]
[Round "?"]
[White "Lubomirski, Jaroslaw"]
[Black "Csoma, Kristof"]
[Result "1-0"]
[WhiteElo "800"]
[BlackElo "1275"]
[PlyCount "65"]
[EventDate "2014.01.18"]
[EventType "tourn (corr)"]
[EventRounds "4"]
[EventCountry "GER"]
[SourceTitle "Corr 2022"]
[Source "ChessBase"]
[SourceDate "2021.10.24"]
[SourceVersion "1"]
[SourceVersionDate "2021.10.24"]
[SourceQuality "1"]

1. d4 d5 2. c4 c5 3. cxd5 Qxd5 4. Nf3 Bg4 5. Nc3 Qh5 6. Nb5 Na6 7. Qa4 Bd7 8. Ne5 Nf6 9. Nxd7 Nxd7 10. Nc7+ Nxc7 11. dxc5 Qxc5 12. e3 g6 13. Bd2 Bg7 14. Rc1 Qd6 15. Bb4 Qd5 16. Rxc7 Be5 17. Rc5 Qe6 18. Bc4 Qf6 19. Rd5 Rd8 20. Bb5 Qe6 21. Rd2 a6 22. Bxd7+ Rxd7 23. 0-0 Bd6 24. Bxd6 exd6 25. Rfd1 Ke7 26. Rd4 f5 27. e4 Rhd8 28. exf5 gxf5 29. Qa5 Kf7 30. Rd5 Kg6 31. h4 h5 32. R1d3 Kf6 33. Re3 1-0